[Event "GER-chT Online Liga 1 GpB"]
[Site "Playchess.com INT"]
[Date "2021.03.17"]
[Round "6.4"]
[White "Neuhoff, Laertes"]
[Black "Posske, Thore"]
[Result "1-0"]
[WhiteElo "1750"]
[BlackElo "2030"]
[PlyCount "79"]
[EventDate "2021.01.18"]
[EventType "team-tourn (rapid)"]
[EventRounds "7"]
[EventCountry "GER"]
[SourceTitle "EXT 2022"]
[Source "ChessBase"]
[SourceDate "2021.10.06"]
[SourceVersion "1"]
[SourceVersionDate "2021.10.06"]
[SourceQuality "1"]
[WhiteTeam "Leipzig SG"]
[BlackTeam "Hamburger SK II"]
[WhiteTeamCountry "GER"]
[BlackTeamCountry "GER"]

1. e4 c6 2. d4 d5 3. exd5 cxd5 4. c4 Nf6 5. Nc3 Nc6 6. Bg5 e6 7. c5 Be7 8. Nf3 0-0 9. Bb5 Ne4 10. Bxe7 Nxc3 11. bxc3 Nxe7 12. 0-0 b6 13. cxb6 axb6 14. Qb3 Ba6 15. a4 Qc7 16. Rfc1 Nc6 17. Rab1 Na5 18. Qb4 Bxb5 19. axb5 Nc4 20. Ra1 Ra7 21. Ra6 Rfa8 22. Rca1 Nd6 23. Ne5 Rxa6 24. Rxa6 Rxa6 25. bxa6 f6 26. Nd3 Kf7 27. h3 Nc8 28. Qa4 Na7 29. Nc1 Ke7 30. Qc2 g6 31. Qd2 Nb5 32. Na2 Qc4 33. Nb4 Nxc3 34. a7 Ne4 35. Qa2 Qc1+ 36. Kh2 Nc3 37. a8Q Qf4+ 38. g3 Nxa2 39. gxf4 Nxb4 40. Qa3 1-0

[Event "Hamburg-chT Landesliga 1920"]
[Site "Hamburg"]
[Date "2019.10.20"]
[Round "2.4"]
[White "Posske, Thore"]
[Black "Hohlbein, Michael"]
[Result "0-1"]
[WhiteElo "2017"]
[BlackElo "2077"]
[PlyCount "78"]
[EventDate "2019.09.29"]
[EventType "team-tourn"]
[EventRounds "9"]
[EventCountry "GER"]
[SourceTitle "EXT 2021"]
[Source "ChessBase"]
[SourceDate "2020.10.23"]
[SourceVersion "1"]
[SourceVersionDate "2020.10.23"]
[SourceQuality "1"]

1. d4 d6 2. Nf3 Bg4 3. e4 Nf6 4. Bc4 e6 5. h3 Bh5 6. Bg5 h6 7. Bxf6 Qxf6 8. g4 Bg6 9. Nc3 c6 10. Qe2 Qf4 11. Nh4 Bh7 12. Ng2 Qf6 13. 0-0-0 b5 14. e5 Qd8 15. Nxb5 d5 16. Nc3 dxc4 17. Qxc4 Be7 18. d5 cxd5 19. Nxd5 exd5 20. Rxd5 Nd7 21. Qa4 Rc8 22. Ne3 Bc5 23. Nc4 0-0 24. Rxd7 Qg5+ 25. Kb1 Be4 26. f4 Qg6 27. f5 Qc6 28. Qxc6 Bxc6 29. Rdd1 Bxh1 30. Rxh1 Bd4 31. b3 Rc5 32. Re1 Re8 33. e6 fxe6 34. Nd6 Bc3 35. Rf1 Re7 36. Ne4 Rc8 37. Rf3 Bf6 38. Re3 Rce8 39. Nd6 exf5 0-1

[Event "Hamburg-chT Landesliga 1718"]
[Site "Hamburg"]
[Date "2018.04.22"]
[Round "9.5"]
[White "Posske, Thore"]
[Black "Mueller, Mark Finn"]
[Result "1-0"]
[WhiteElo "1990"]
[BlackElo "2058"]
[PlyCount "61"]
[EventDate "2017.10.08"]
[EventType "team-tourn"]
[EventRounds "9"]
[EventCountry "GER"]
[SourceTitle "EXT 2021"]
[Source "ChessBase"]
[SourceDate "2020.10.23"]
[SourceVersion "1"]
[SourceVersionDate "2020.10.23"]
[SourceQuality "1"]
[WhiteTeam "Hamburger SK IV"]
[BlackTeam "Johanneum Eppendorf II"]
[WhiteTeamCountry "GER"]
[BlackTeamCountry "GER"]

1. d4 Nf6 2. Nf3 c5 3. e3 g6 4. c3 b6 5. Nbd2 cxd4 6. exd4 Bg7 7. Bd3 0-0 8. 0-0 Ba6 9. Bxa6 Nxa6 10. Qe2 Nc7 11. a4 a6 12. Ne4 Ncd5 13. Re1 Re8 14. Ne5 d6 15. Nxf7 Qd7 16. Nh6+ Bxh6 17. Bxh6 Ng4 18. Bd2 b5 19. axb5 axb5 20. Rxa8 Rxa8 21. c4 Nc7 22. cxb5 Nxb5 23. h3 Nf6 24. Nxf6+ exf6 25. Qf3 Rf8 26. Bh6 Rb8 27. Qxf6 Qf7 28. Qh4 Qd5 29. Re7 Nxd4 30. Be3 Ne2+ 31. Kh2 1-0

[Event "Hamburg-chT Landesliga 1617"]
[Site "Hamburg"]
[Date "2017.05.14"]
[Round "9.3"]
[White "Posske, Thore"]
[Black "Schroeder, Christoph"]
[Result "0-1"]
[WhiteElo "1947"]
[BlackElo "2174"]
[PlyCount "38"]
[EventDate "2016.10.16"]
[EventType "team-tourn"]
[EventRounds "9"]
[EventCountry "GER"]
[SourceTitle "EXT 2022"]
[Source "ChessBase"]
[SourceDate "2021.10.06"]
[SourceVersion "1"]
[SourceVersionDate "2021.10.06"]
[SourceQuality "1"]
[WhiteTeam "Hamburger SK V"]
[BlackTeam "Johanneum Eppendorf"]
[WhiteTeamCountry "GER"]
[BlackTeamCountry "GER"]

1. d4 f5 2. e4 fxe4 3. Nc3 Nf6 4. Bg5 Nc6 5. d5 Ne5 6. Qd4 Nf7 7. Bf4 g6 8. Nxe4 Bg7 9. 0-0-0 Nh5 10. Qe3 Nxf4 11. g4 g5 12. h4 c6 13. Nf3 Nxd5 14. Qa3 Qc7 15. Bc4 Qf4+ 16. Kb1 d6 17. Rhe1 Bxg4 18. Rd3 0-0 19. Ned2 Bxf3 0-1

[Event "Landesliga Nord 1314"]
[Site "Bayern"]
[Date "2013.10.13"]
[Round "1.4"]
[White "Maurer, Christian"]
[Black "Posske, Thore"]
[Result "1/2-1/2"]
[WhiteElo "2037"]
[BlackElo "1909"]
[PlyCount "36"]
[EventDate "2013.10.13"]
[EventType "team"]
[EventRounds "9"]
[EventCountry "GER"]
[SourceTitle "EXT 2015"]
[Source "ChessBase"]
[SourceDate "2014.11.20"]
[SourceVersion "1"]
[SourceVersionDate "2014.11.20"]
[SourceQuality "1"]
[WhiteTeam "Kelheim"]
[BlackTeam "Wuerzburg"]
[WhiteTeamCountry "GER"]
[BlackTeamCountry "GER"]

1. d4 d5 2. c4 c6 3. cxd5 cxd5 4. Nc3 Nf6 5. Nf3 e6 6. Bg5 Be7 7. e3 0-0 8. Bd3 Nc6 9. Rc1 b6 10. 0-0 Bb7 11. Qe2 Rc8 12. a3 Na5 13. Nd2 Ne8 14. Bxe7 Qxe7 15. b4 Nc6 16. Rc2 Nd6 17. Rfc1 e5 18. dxe5 Nxe5 1/2-1/2

[Event "Schweinfurt op 23rd"]
[Site "Schweinfurt"]
[Date "2013.06.02"]
[Round "6"]
[White "Posske, Thore"]
[Black "Mueller, Kai Markus"]
[Result "1-0"]
[WhiteElo "1900"]
[BlackElo "1481"]
[PlyCount "59"]
[EventDate "2013.05.30"]
[EventType "swiss"]
[EventRounds "7"]
[EventCountry "GER"]
[SourceTitle "CBM 154 Extra"]
[Source "ChessBase"]
[SourceDate "2013.06.25"]
[SourceVersion "2"]
[SourceVersionDate "2013.06.25"]
[SourceQuality "1"]

1. d4 d5 2. Nf3 Nc6 3. Bf4 Bg4 4. e3 Nf6 5. h3 Bh5 6. g4 Bg6 7. Bb5 Nd7 8. c4 Nb4 9. cxd5 Nxd5 10. Nc3 Nxc3 11. bxc3 c6 12. Bd3 e6 13. 0-0 Nf6 14. Rb1 b6 15. Ne5 Bxd3 16. Qxd3 Qd5 17. f3 Nd7 18. Nc4 b5 19. Nd6+ Bxd6 20. e4 Qxa2 21. Bxd6 Nb6 22. f4 Qc4 23. Qd2 Kd7 24. Rb4 Kxd6 25. f5 Qxf1+ 26. Kxf1 a5 27. Rb1 Nc4 28. Qf4+ Kd7 29. fxe6+ Kxe6 30. d5+ 1-0

[Event "Landesliga Nord 1213"]
[Site "Bayern"]
[Date "2013.04.14"]
[Round "9.7"]
[White "Posske, Thore"]
[Black "Fiedler, Wolfgang"]
[Result "1-0"]
[WhiteElo "2033"]
[BlackElo "1913"]
[PlyCount "55"]
[EventDate "2012.10.14"]
[EventType "team-tourn"]
[EventRounds "9"]
[EventCountry "GER"]
[SourceTitle "EXT 2015"]
[Source "ChessBase"]
[SourceDate "2014.11.20"]
[SourceVersion "1"]
[SourceVersionDate "2014.11.20"]
[SourceQuality "1"]
[WhiteTeam "Wuerzburg"]
[BlackTeam "Zirndorf"]
[WhiteTeamCountry "GER"]
[BlackTeamCountry "GER"]

1. d4 g6 2. c4 Bg7 3. Nc3 d6 4. e4 Nc6 5. Nf3 Bg4 6. Be3 e5 7. d5 Nd4 8. Be2 Nxe2 9. Qxe2 f5 10. c5 a6 11. Qc4 Bxf3 12. gxf3 f4 13. Bd2 Bf8 14. Na4 Nf6 15. cxd6 Bxd6 16. Nc5 Bxc5 17. Qxc5 Qd6 18. Qc4 c6 19. dxc6 Qxc6 20. Qb3 Rd8 21. Rc1 Qd7 22. Ba5 Rc8 23. Ke2 Rxc1 24. Rxc1 Rf8 25. Rc5 Rf7 26. Bc7 Re7 27. Bxe5 Qe6 28. Bxf6 1-0

[Event "Regionalliga NW 1112"]
[Site "Bayern"]
[Date "2012.01.15"]
[Round "5.2"]
[White "Posske, Thore"]
[Black "Wunder, Stefan"]
[Result "1-0"]
[WhiteElo "1945"]
[BlackElo "2025"]
[PlyCount "79"]
[EventDate "2011.10.02"]
[EventType "team-tourn"]
[EventRounds "9"]
[EventCountry "GER"]
[SourceTitle "EXT 2013"]
[Source "ChessBase"]
[SourceDate "2012.11.22"]
[SourceVersion "1"]
[SourceVersionDate "2012.11.22"]
[SourceQuality "1"]
[WhiteTeam "Wuerzburg II"]
[BlackTeam "Nordhalben"]
[WhiteTeamCountry "GER"]
[BlackTeamCountry "GER"]

1. d4 g6 2. e4 Bg7 3. Nc3 d5 4. exd5 Nf6 5. Be3 Nxd5 6. Nxd5 Qxd5 7. Qd2 Nc6 8. Nf3 Bg4 9. Be2 0-0 10. 0-0 e5 11. c4 Qd6 12. d5 Bxf3 13. Bxf3 Nd4 14. Bxd4 exd4 15. b4 Rfe8 16. Rab1 Re7 17. a4 Qd7 18. a5 Rae8 19. c5 h5 20. Qd3 Be5 21. g3 Bf6 22. Rfc1 h4 23. b5 Kg7 24. d6 Re5 25. Bxb7 hxg3 26. hxg3 Rh8 27. Bg2 cxd6 28. c6 Qg4 29. b6 axb6 30. axb6 Bg5 31. Rd1 Qh5 32. b7 Be3 33. b8Q Bxf2+ 34. Kxf2 Rf5+ 35. Ke1 Rxb8 36. Rxb8 Re5+ 37. Kf2 Rf5+ 38. Kg1 Qg5 39. Qxd4+ Re5 40. c7 1-0

[Event "Dresden ZMD op"]
[Site "Dresden"]
[Date "2006.08.05"]
[Round "1"]
[White "Teske, Henrik"]
[Black "Posske, Thore"]
[Result "1-0"]
[WhiteElo "2510"]
[BlackElo "1817"]
[PlyCount "59"]
[EventDate "2006.08.05"]
[EventType "swiss"]
[EventRounds "9"]
[EventCountry "GER"]
[SourceTitle "CBM 113 Extra"]
[Source "ChessBase"]
[SourceDate "2006.09.14"]
[SourceVersion "1"]
[SourceVersionDate "2006.09.14"]
[SourceQuality "1"]

1. e4 e5 2. Nf3 Nc6 3. d4 d6 4. dxe5 Nxe5 5. Nxe5 dxe5 6. Qxd8+ Kxd8 7. Bc4 f6 8. Be3 c6 9. Nd2 Ne7 10. 0-0-0 Ng6 11. h4 Be7 12. h5 Nf8 13. f4 Nd7 14. Nf3 Kc7 15. h6 g6 16. fxe5 fxe5 17. Rhf1 b5 18. Bb3 Rf8 19. Ng5 Rxf1 20. Rxf1 Nf6 21. Nxh7 Nxe4 22. Rf7 Kd6 23. Nf8 Bf6 24. h7 Bh8 25. Nxg6 Be6 26. Rxa7 Re8 27. Bh6 Bf5 28. Nxh8 Rxh8 29. Bg7 Rxh7 30. Bf8+ 1-0